| Tag |
First Indicator |
Second Indicator |
Subfields |
| LEADER |
00000cam a2200000 a 4500 |
| 001 |
in00001761853 |
| 005 |
20151025051824.0 |
| 008 |
990503s1999 ru a b 000 0 ruso |
| 010 |
|
|
|a 99202182
|
| 020 |
|
|
|a 520113341X
|
| 035 |
|
|
|a (OCoLC)ocm41930696
|
| 040 |
|
|
|a DLC
|c DLC
|d TXA
|d UtOrBLW
|
| 049 |
|
|
|a TXAM
|
| 050 |
0 |
0 |
|a PG3337.O8
|b Z89 1999
|
| 100 |
1 |
|
|a Vishnevskai͡a, I.
|q (Inna)
|
| 245 |
1 |
0 |
|a Talant i poklonniki :
|b A.N. Ostrovskiĭ i ego pʹesy /
|c I. Vishnevskai︠a︡.
|
| 264 |
|
1 |
|a Moskva :
|b "Nasledie",
|c 1999.
|
| 300 |
|
|
|a 215 pages :
|b illustrations ;
|c 21 cm.
|
| 336 |
|
|
|a text
|b txt
|2 rdacontent
|
| 337 |
|
|
|a unmediated
|b n
|2 rdamedia
|
| 338 |
|
|
|a volume
|b nc
|2 rdacarrier
|
| 504 |
|
|
|a Includes bibliographical references.
|
| 600 |
1 |
0 |
|a Ostrovsky, Aleksandr Nikolaevich,
|d 1823-1886
|x Criticism and interpretation.
|
| 948 |
|
|
|a cataloged
|b h
|c 2003/5/2
|d c
|e spoltoratski
|f 10:06:03 am
|
| 994 |
|
|
|a E0
|b TXA
|
| 999 |
|
|
|a MARS
|
| 999 |
f |
f |
|s a6b1051f-3cdb-3a9e-9f78-0c8e8db17015
|i 376d0f93-14b6-35a8-9db9-bddeed19e707
|t 0
|
| 952 |
f |
f |
|p ric
|a Texas A&M University
|b Rellis Campus
|c Joint Library Facility
|d Remote Storage
|t 0
|e PG3337.O8 Z89 1999
|h Library of Congress classification
|i unmediated -- volume
|m A14830072898
|
| 998 |
f |
f |
|a PG3337.O8 Z89 1999
|t 0
|l Remote Storage
|